000 00482nam a2200169 i 4500
001 bg
100 1 _aANCIFEROV, Vladimir N.
245 0 _aVzaimnaja diffuzija i gomogenizacija v poroskovych matarialach /
_cV.N. Ansiferov, S.R. Peščerenko, P.G. Kurilov.
260 _aMoskva,
_c1988.
700 1 _aPESCERENKO, Sergej R.
700 1 _aKURILOV, Petr G.
040 _cBPK
041 _apol
080 _a621.762:669
942 _cKS
008 s pl f |000 0 pol
999 _c28569
_d28569
856 _uhttp://koha.tu.koszalin.pl/cgi-bin/koha/opac-detail.pl?biblionumber=28569
_yKatalog online BPK